| 000 -LEADER |
| fixed length control field |
00612nam a22001937a 4500 |
| 008 - FIXED-LENGTH DATA ELEMENTS--GENERAL INFORMATION |
| fixed length control field |
131114b xxu||||| |||| 00| 0 alb d |
| 020 ## - INTERNATIONAL STANDARD BOOK NUMBER |
| International Standard Book Number |
9951503004 |
| 041 1# - LANGUAGE CODE |
| Language code of text/sound track or separate title |
alb |
| 080 ## - UNIVERSAL DECIMAL CLASSIFICATION NUMBER |
| Universal Decimal Classification number |
34 |
| Common auxiliary subdivision |
(496.51) |
| 245 00 - TITLE STATEMENT |
| Title |
Libër udhëzues mbi decentralizimin në Kosovë / |
| Statement of responsibility, etc |
edituar nga : Robert D. Ebel and Gábor Péteri. |
| 260 ## - |
| -- |
[Prishtinë] : |
| -- |
[Forum] ; |
| -- |
[2007]. |
| 300 ## - |
| -- |
271 f. : |
| -- |
ilustr. ; |
| -- |
24 cm. |
| 500 ## - |
| -- |
Parathënie : f. 9-10 |
| 505 ## - |
| -- |
Index : f. 269-271 |
| 650 #0 - |
| -- |
Decentralizimi në qeverisje |
| -- |
Kosovë |
| 700 1# - |
| -- |
Ebel, Robert D. |
| 700 1# - |
| -- |
Péteri, Gábor |
| 942 ## - ADDED ENTRY ELEMENTS (KOHA) |
| Source of classification or shelving scheme |
|
| Item type |
Books |